000 00321nam a2200133Ia 4500
005 20260328104319.0
008 260328s9999||||xx |||||||||||||| ||und||
100 _aMarchán Fiz, Simón
245 0 _aJ.L.Linazasoro /
_cSimón Marchán Fiz
260 _bGustavo Gili
300 _a96 p.
650 _aCASAS
942 _cBK
999 _c11283
_d11283